000 00657nam a2200205 a 4500
001 000010420
005 20240412074218.0
008 091007s1984 dr r 001 p spa d
040 _aDO-SdBNP
_bspa
_cBNPHU
082 _aRD861.44
_bJ58a
100 1 _aJesús, Dionisio de,
_d1959-
_925423
245 1 0 _aAxiología de las sombras /
_cDionisio de Jesús.
260 _aSanto Domingo :
_bUASD,
_c1984.
300 _a95 p. ;
_c21 cm.
590 _aInventariado, 2018/BT
650 0 _aPoesía dominicana
_966
650 0 _aLiteratura dominicana.
_967
710 1 _aUniversidad Autónoma de Santo Domingo
_972951
910 _aValidado. Control de calidad. MMOLINA
999 _c10179
_d10179